jolly rancher flavors - Statistics

General Stats
  • This quiz has been taken 26 times
  • The average score is 5 of 5
Answer Stats
Picture Answer % Correct
grape
95%
watermelon
95%
cherry
90%
blue raspberry
86%
green apple
86%
No matching quizzes found
Score Distribution
Percent of People with Each Score
Percentile by Number Answered
Your Score History
You have not taken this quiz